| 000 | 00546nam a2200169 a 4500 | ||
|---|---|---|---|
| 005 | 20140414093841.0 | ||
| 008 | 081120s19uu xx uuu eng d | ||
| 050 |
_aVCD 793.31 _bS6 |
||
| 100 | _aSining Bulakenyo & the Maharlika Rondalla | ||
| 245 |
_a16 Best Philippine Folk Dances on Video CD, Vol. 2 : _bdance as you see. |
||
| 260 |
_aManila : _bAquarius Records and Tapes. |
||
| 440 | _aFor Students and Cultural Dancers for Abroad | ||
| 650 | _aFolk dancing. | ||
| 650 |
_aFolk dances _xPhilippines. |
||
| 942 | _cAVM | ||
| 999 |
_c109327 _d109327 |
||